| 000 | 00000nam##2200000za#4500 |
| 001 | 9.573504 |
| 003 | CaOODSP |
| 005 | 20210929082754 |
| 007 | cr ||||||||||| |
| 008 | 150406|1994||||xxc|||||o f|0| 0 eng|d |
| 040 | |aCaOODSP|beng |
| 043 | |an-cn--- |
| 086 | 1 |aFo29-6/75-1994E-PDF |
| 110 | 1 |aCanada. |bNatural Resources Canada. |bCanadian Forest Service. |
| 245 | 10|aGypsy moth / |h[electronic resource]|c[by] L. Humble and A.J. Stewart. Issued by the Pacific Forestry Centre. |
| 260 | |aVictoria - British Columbia : |bNatural Resources Canada. |cc1994. |
| 300 | |a8p. |
| 490 | 1 |aForest pest leaflet|v75 |
| 500 | |aThe catalogue number (Fo29-6/75-1994E) and ISBN (0-662-21581-8) for the print edition have been incorrectly copied in this electronic publication. |
| 590 | |a12-17-Supp|b2012-04-20 |
| 720 | 1 |aHumble, L. |
| 720 | 1 |aStewart, A. J. |
| 776 | 0#|tGypsy moth / |w(CaOODSP)9.611057 |
| 830 | #0|aForest pest leaflet ;|v75|w(CaOODSP)9.506908 |
| 856 | 40|ahttp://publications.gc.ca|qPDF|s503 KB|uhttps://publications.gc.ca/collections/collection_2012/rncan-nrcan/Fo29-6-75-1994-eng.pdf|y75 |